000 00285nam a2200109Ia 4500
008 221009s9999 xx 000 0 und d
082 _a741.642
100 _aमोहन
245 0 _aअमर ज्‍योति
260 _bबम्‍बई प्रकाशन
942 _cBK
999 _c64642
_d64642